Vliv vládních opatření na bankovní sektor USA - popis pomocí heuristických trendů

Skúmanie dopadov kvantitatívneho uvoľňovania na bankový sektor USA počas rokov 2005-2010. Ukázalo sa, že kvantitatívne uvoľňovanie znižuje ziskovosť bánk a bankových centier a je sprevádzané ýchlym nárastom celkových aktív. Znázornenie vzájomných súvislostí prostredníctvom prechodového grafu.

Salvato in:
Dettagli Bibliografici
Autore principale: Čuperková, Dominika
Altri autori: Brauner, Roman
Natura: Capitolo di libro
Lingua:ceco
Soggetti:
Tags: Aggiungi Tag
Nessun Tag, puoi essere il primo ad aggiungerne!!

MARC

LEADER 00000naa a2200000 4500
001 0272437
005 20210308102422.7
041 0 |a cze 
044 |a CZ 
245 1 0 |a Vliv vládních opatření na bankovní sektor USA - popis pomocí heuristických trendů  |c Dominika Čuperková, Roman Brauner 
520 |a Skúmanie dopadov kvantitatívneho uvoľňovania na bankový sektor USA počas rokov 2005-2010. Ukázalo sa, že kvantitatívne uvoľňovanie znižuje ziskovosť bánk a bankových centier a je sprevádzané ýchlym nárastom celkových aktív. Znázornenie vzájomných súvislostí prostredníctvom prechodového grafu. 
610 2 0 |a heuristika 
610 2 0 |a opatrenia 
610 2 0 |a vláda 
610 2 0 |a bankovníctvo 
610 2 0 |a aktíva 
610 2 0 |a USA 
100 1 |a Čuperková, Dominika 
700 1 |a Brauner, Roman